000 00359nam a2200145Ia 4500
005 20251222152558.0
008 251222s9999||||xx |||||||||||||| ||spa||
020 _a9972992950
082 _a111.85/U61
100 _aEsposito, Costantino y otros
245 0 _aBelleza y Realidad Lecturas de FilosofĂ­a
250 _a1ra.ed.
264 _bUCSS
942 _cLIB
999 _c26501
_d26501